Mileniáli nechcú strnulý džob: rozhoduje flexibilita

Mileniáli sú ambiciózny, treba ich motivovať. Top 10 najatraktívnejších benefitov pre mileniálov. Čo chýba zamestnávateľom podľa mileniálov. Na ktoré aktivity by mal podľa mileniálov prispievať zamestnávateľ.

Saved in:
Bibliographic Details
Format: Book Chapter
Language:Slovak
Subjects:
Tags: Add Tag
No Tags, Be the first to tag this record!

MARC

LEADER 00000naa a2200000 4500
001 0247625
005 20221104113058.9
041 0 |a slo 
044 |a SK 
245 1 0 |a Mileniáli nechcú strnulý džob: rozhoduje flexibilita 
520 |a Mileniáli sú ambiciózny, treba ich motivovať. Top 10 najatraktívnejších benefitov pre mileniálov. Čo chýba zamestnávateľom podľa mileniálov. Na ktoré aktivity by mal podľa mileniálov prispievať zamestnávateľ. 
610 2 0 |a trh práce 
610 2 0 |a zamestnávatelia 
610 2 0 |a generácie 
610 2 0 |a benefity 
610 2 0 |a kariéra 
610 2 0 |a odmeňovanie 
610 2 0 |a flexibilita